• 首页
  • 本馆介绍
  • 公告通知
  • 最新文献
  • 馆藏检索
  • 电子资源
  • 读者导购
  • 参考咨询
  • 我的图书馆
  • 登录
  • 详细信息显示
  • 放入我的书架
  • 预约/预借图书
  • 作者相关作品
  • 分类相关作品
  • 丛书相关作品
  • 出版社相关作品

书目信息

  • 表格格式
  • 工作单格式
  • 卡片格式
题名:
中国人口分布适宜度报告
    
 
作者: ;中国人口分布适宜度研究课题组 著
分册:  
出版信息: 北京   科学出版社  2014
页数: 15,236页
开本: 26cm
丛书名:
单 册:
中图分类: C922.2
科图分类:
主题词: 人口分布--研究报告--中国 , 人口分布
电子资源:
ISBN: 978-7-03-039524-5
000 01188nam0 2200253 450
001 519
005 20140905094421.92
010    @a978-7-03-039524-5@dCNY98.00
100    @a20140311d2014 em y0chiy50 ea
101 0  @achi
102    @aCN@b110000
105    @aa z 000yy
106    @ar
200 1  @a中国人口分布适宜度报告@AZhong Guo Ren Kou Fen Bu Shi Yi Du Bao Gao@f中国人口分布适宜度研究课题组著@FZhong Guo Ren Kou Fen Bu Shi Yi Du Yan Jiu Ke Ti Zu Zhu
210    @a北京@c科学出版社@d2014
215    @a15,236页@c图@d26cm
300    @a中国人口流动迁移与城镇化研究系列报告
330    @a本书分上篇、中篇和下篇,上篇总报告是对整个研究结论的基本阐述,中篇专题报告包括了人口空间集疏性与集聚度、人居环境适宜性与适宜度、水土资源限制性与限制度和社会经济协调性与协调度,以及中国人口分布适宜度评价5个专题,下篇技术报告系统梳理了中国人口分布适宜度研究的基本思路、技术路线和研究方法,是中国人口分布适宜度研究的思想总结和技术指南。
606 0  @a人口分布@x研究报告@y中国
606 0  @a人口分布
690    @aC922.2@v5
711 02 @a中国人口分布适宜度研究课题组@AZhong Guo Ren Kou Fen Bu Shi Yi Du Yan Jiu Ke Ti Zu@4著
801  0 @aCN@bTANGWEI@c20140603
905    @b0839074-76@dC922.2@e80@f3
    
    中国人口分布适宜度报告/中国人口分布适宜度研究课题组著.-北京:科学出版社,2014
    15,236页:图;26cm
    中国人口流动迁移与城镇化研究系列报告
    
    ISBN 978-7-03-039524-5:CNY98.00
    本书分上篇、中篇和下篇,上篇总报告是对整个研究结论的基本阐述,中篇专题报告包括了人口空间集疏性与集聚度、人居环境适宜性与适宜度、水土资源限制性与限制度和社会经济协调性与协调度,以及中国人口分布适宜度评价5个专题,下篇技术报告系统梳理了中国人口分布适宜度研究的基本思路、技术路线和研究方法,是中国人口分布适宜度研究的思想总结和技术指南。
●
相关链接 在E读中查询图书 在五车中查询图书 在当当中查询图书 在豆瓣中查询图书


正题名:中国人口分布适宜度报告     索取号:C922.2/80         预约/预借

序号 登录号 条形码 馆藏地/架位号 状态 备注
1 0839074   208390748   第一样本阅览室/ [索取号:C922.2/80] 在馆    
2 0839075   208390757   第一借阅区/ [索取号:C922.2/80] 在馆    
3 0839076   208390766   第一借阅区/ [索取号:C922.2/80] 在馆    
唐山师范学院图书馆 欢迎您!
大连网信软件有限公司© 版权所有